Najdłuższe systemy metra na świecie - Statystyki

Ogólne statystyki
  • Ten quiz został rozwiązany 34 razy
  • Średni wynik to 6 z 10
Statystyki odpowiedzi
Długość Miasto % Poprawnych
405 km Londyn
100%
399 km Nowy Jork
94%
727 km Pekin
94%
412 km Moskwa
84%
743 km Szanghaj
84%
531 km Kanton
61%
378 km Nankin
26%
370 km Chongqing
23%
519 km Chengdu
13%
411 km Shenzen
10%
Nie znaleziono quizów pasujących do podanych kryteriów
Rozkład punktacji
Procent ludzi z każdym wynikiem
Percentyl według liczby udzielonych odpowiedzi
Twoja historia wyników
Nie rozwiązałeś tego quizu